Learning Resource and Development

Journal of public health management and practice : (Record no. 29331)

MARC details
000 -LEADER
fixed length control field 01240cas a2200349 i 4500
005 - DATE AND TIME OF LATEST TRANSACTION
control field 20250326095701.0
008 - FIXED-LENGTH DATA ELEMENTS--GENERAL INFORMATION
fixed length control field 032625c2022 paubr p 0 a0eng c
022 0# - INTERNATIONAL STANDARD SERIAL NUMBER
International Standard Serial Number 1078-4659
ISSN-L 1078-4659
Source 1
040 ## - CATALOGING SOURCE
Original cataloging agency NSD
Language of cataloging eng
Transcribing agency CSPC
050 00 - LIBRARY OF CONGRESS CALL NUMBER
Classification number RA395.A3
Item number J686
082 00 - DEWEY DECIMAL CLASSIFICATION NUMBER
Classification number 362.1/05
Edition number 20
222 #0 - KEY TITLE
Key title Journal of public health management and practice
245 00 - TITLE STATEMENT
Title Journal of public health management and practice :
246 30 - VARYING FORM OF TITLE
Title proper/short title JPHMP
260 ## - PUBLICATION, DISTRIBUTION, ETC.
Place of publication, distribution, etc. Wolters Kluwer Health Inc.
Name of publisher, distributor, etc. Hangerstown,
Date of publication, distribution, etc. 2022-
300 ## - PHYSICAL DESCRIPTION
Extent volumes :
Other physical details illustrations ;
Dimensions 28 cm
310 ## - CURRENT PUBLICATION FREQUENCY
Current publication frequency Bimonthly,
Date of current publication frequency 2022-
336 ## - CONTENT TYPE
Content type term text
Content type code txt
Source rdacontent
337 ## - MEDIA TYPE
Media type term unmediated
Media type code n
Source rdamedia
338 ## - CARRIER TYPE
Carrier type term volume
Carrier type code nc
Source rdacarrier
490 ## - SERIES STATEMENT
Materials specified Printed Journal Collection
500 ## - GENERAL NOTE
General note Includes bibliographical references.
521 ## - TARGET AUDIENCE NOTE
Target audience note College of Health Sciences (CHS)
650 #0 - SUBJECT ADDED ENTRY--TOPICAL TERM
Topical term or geographic name entry element Public health administration
Geographic subdivision United States
Form subdivision Periodicals.
650 #2 - SUBJECT ADDED ENTRY--TOPICAL TERM
Topical term or geographic name entry element Public Health.
650 #2 - SUBJECT ADDED ENTRY--TOPICAL TERM
Topical term or geographic name entry element Public Health Administration.
650 #7 - SUBJECT ADDED ENTRY--TOPICAL TERM
Topical term or geographic name entry element Public health administration.
Source of heading or term fast
Authority record control number or standard number (OCoLC)fst01082334
655 #7 - INDEX TERM--GENRE/FORM
Genre/form data or focus term Periodicals.
Source of term fast
Authority record control number or standard number (OCoLC)fst01411641
942 ## - ADDED ENTRY ELEMENTS (KOHA)
Source of classification or shelving scheme Dewey Decimal Classification
Koha item type Serials
Suppress in OPAC No
Holdings
Withdrawn status Lost status Source of classification or shelving scheme Damaged status Not for loan Home library Current library Shelving location Date acquired Serial Enumeration / chronology Total Checkouts Full call number Barcode Date last seen Copy number Price effective from Koha item type Public note
    Dewey Decimal Classification   On Process Main Library Main Library Serials 03/26/2025 Vol.28 No.5 September-October 2022   Ser NUR 13 v.28 n.5 2022 01040S 03/26/2025 1 03/26/2025 Serials Journal
    Dewey Decimal Classification   On Process Main Library Main Library Serials 03/26/2025 vol.28 no.4 July-August 2022   Ser NUR 13 v.28 n.4 2022 c.1 01041S 03/26/2025 1 03/26/2025 Serials Journal
    Dewey Decimal Classification   On Process Main Library Main Library Serials 03/26/2025 vol.28 no.2 March/April 2022   Ser NUR 13 v.28 n.2 2022 01042S 03/26/2025 1 03/26/2025 Serials Journal
    Dewey Decimal Classification   On Process Main Library Main Library Serials 03/26/2025 vol.28 no.4 July-August 2022   Ser NUR 13 v.28 n.4 2022 c.2 01044S 03/26/2025 1 03/26/2025 Serials Journal
    Dewey Decimal Classification   On Process Main Library Main Library Serials 03/26/2025 vol.28 no.6 November/December 2022   Ser NUR 13 v.28 n.2 2022 01043S 03/26/2025 1 03/26/2025 Serials Journal
    Dewey Decimal Classification   On Process Main Library Main Library Serials 03/26/2025 vol.28 no.3 May-June 2022   Ser NUR 13 v.28 n.3 2022 01045S 03/26/2025 1 03/26/2025 Serials Journal